000 01662nam a22002897a 4500
001 000371
003 DO-SdBNP
005 20240416114035.0
007 000371
008 160707b 2006 ms || 00| 0 spa d
020 _a9707704624
040 _aBPMSU
_bspa
_cBPMSU
082 4 _aPe863.5
_bR666a, 2006
_222
092 _a
_b
100 1 _aRoncagliolo, Santiago,
_d1975-
_918
245 1 0 _aAbril rojo /
_cSantiago Roncagliolo.
250 _a
260 _aMéxico :
_bEdiciones Generales Santillana,
_c2006
300 _a328 p. ;
_c26 cm.
500 _aIncluye datos biográficos del autor en la solapa.
520 _aSiempre quise escribir un thriller, es decir, un policial sangriento con asesinos en serie y crímenes monstruosos. Y encontré los elementos necesarios en la historia de mi país, Perú: una zona de guerra, una celebración de la muerte como la Semana Santa, una ciudad poblada de fantasmas. ¿Se puede pedir más? El investigador de los asesinatos es el fiscal distrital adjunto Félix Chacaltana Saldívar. A él le gusta que lo llamen así, con su título y todo. El fiscal Chacaltana nunca ha hecho nada malo, nunca ha hecho nada bueno, nunca ha hecho nada que no estuviese claramente estipulado en los reglamentos de su institución. Pero ahora va a conocer el horror. Y el horror no ha leído el Código Civil. Siempre quise escribir una novela sobre lo que ocurre cuando la muerte se convierte en la única forma de vida. Y aquí está.
586 _a"Premio Alfaguara de Novela 2006"--Cubierta
650 4 _aNovela peruana
650 4 _aLiteratura peruana
910 _aVMateo V. Control de calidad. BPMSU
942 _2ddc
_cBK
999 _c10758
_d10758